000 01300cam a22003737a 4500
003 CHAP
005 20220329142401.0
008 001023d1999 mx a r 00110 esp d
010 _a82700
011 _a83672
020 _a9687529415
035 _a94187
040 _cCHAP
082 0 4 _a311
_bA54Y
100 0 0 _aAnderson, David R.
_95567
245 1 0 _aEstadística para administración y economía
_c/por David R. Anderson, Dennis J. Sweeney y Thomas A. Williams
260 _aMéxico, D.F. :
_bInternational Thomson
_cc.1999.
300 _a909 p. :
_bilus. ; gráfs. + apéndice
590 _aBATCH-UPD
_b10
_c20130110
_lUCH01
_h0055
590 _aBATCH-UPD
_b10
_c20130110
_lUCH01
_h0822
590 _aBATCH-UPD
_b10
_c20130409
_lUCH01
_h2044
590 _aBATCH-UPD
_b10
_c20130410
_lUCH01
_h0500
590 _aBATCH-UPD
_b10
_c20130913
_lUCH01
_h1947
590 _aCONVERSION
_b10
_c20130109
_lUCH01
_h1346
650 1 4 _aAdministración de empresas.
_9922
650 1 4 _aEconomía
_xMétodos estadísticos.
_935252
650 1 4 _aEstadística.
_938241
700 0 _aSweeney, Dennis J.
_9110880
700 0 _aWilliams, Thomas A.
_9122107
901 _aBK
905 _aPatricia Mendoza P.
942 _cLIBRO
949 _a311 A54Y
_bBC
_cLIBRO
_d33724000805362
_eLIBRO
_g207368
_h98950
_i94187
_si
_t$238.50
999 _c82700
_d82700